| 000 | 00783nam a2200217Ia 4500 | ||
|---|---|---|---|
| 001 | 17985 | ||
| 003 | GE_BSU | ||
| 008 | 181216s||||||||xx |||||||||||||| ||und|| | ||
| 040 | _cGE_BSU | ||
| 080 | _a821.353.1-91-1 | ||
| 245 | _aლექსო არ დაიკარგები | ||
| 245 | _cსარედ.კოლ. გ. ბარნოვი. რ. ინანიშვილი. ზ. კიკნაძე და სხვ. მხატვ. სპ. ცინცაძე | ||
| 260 | _aთბილისი | ||
| 260 | _bმერანი | ||
| 260 | _c1985 | ||
| 300 | _a352გვ.21სმ. | ||
| 653 | _aლექსები | ||
| 653 | _aლექსო არ დაიკარგები | ||
| 653 | _aხალხური პოეზია | ||
| 942 | _cBK | ||
| 999 |
_c51028 _d51028 |
||